000 00326nam a2200133Ia 4500
005 20260328104302.0
008 260328s9999||||xx |||||||||||||| ||und||
100 _aToynbee, Arnold J.
245 2 _aA Study of History /
_cArnold J. Toynbee
260 _bWeathervane
300 _a564 p.
650 _aHISTORIA
942 _cBK
999 _c10628
_d10628